000 nam a22 7a 4500
999 _c47860
_d47860
003 OSt
005 20190523155247.0
008 190523b xxu||||| |||| 00| 0 eng d
040 _cIIMT UNIVERSITY
100 _aBy: GITLOW- HOWARD S
245 _aQUALITY MANAGEMENT
260 _aNEW DELHI
_bTMH PUB
_c2009
300 _a763
942 _2ddc
_c01